000 00323nam a22001337a 4500
003 SGT
020 _a9780198073895
082 _a641.3
_bBAL
100 _aBALI ,PARVINDER .S
245 _aINTERNATIONAL CUISINE& FOOD PRODUCTION MANAGEMENT
260 _aOXFORD HIGHER EDUCATION
_c2016
300 _a527
942 _2ddc
_cBK
_010
999 _c16683
_d16683